|
|
|
|
| LEADER |
00000nam a2200000 a 4500 |
| 001 |
25633, 29311 |
| 008 |
220524c2012 spca|||c ||||s00| 0 cat c |
| 017 |
|
|
|a B 20659-2017
|
| 017 |
|
|
|a B 20477-2015
|
| 017 |
|
|
|a B 16814-2016
|
| 017 |
|
|
|a B 20529-2019
|
| 017 |
|
|
|a B 14358-2020
|
| 017 |
|
|
|a B 13615-2024
|
| 040 |
|
|
|a AGDB
|
| 080 |
|
|
|a Bib-577
|
| 080 |
|
|
|a NBM-13-187
|
| 080 |
|
|
|a Bib-665
|
| 080 |
|
|
|a Bib-670
|
| 080 |
|
|
|a Bib-123
|
| 080 |
|
|
|a Bib-53
|
| 080 |
|
|
|a Bib-344
|
| 080 |
|
|
|a NBM-13-61
|
| 080 |
|
|
|a NBM-21-3
|
| 110 |
|
|
|a Parc Natural del Montseny (Catalunya)
|9 10461
|
| 245 |
1 |
0 |
|a Agenda escolar :
|b Parc Natural del Montseny. Reserva de la Biosfera /
|c Coordinació: Gerència de Serveis d'Espais Naturals de la Diputació de Barcelona i Servei de Medi Ambient de la Diputació de Girona
|
| 260 |
|
|
|a Barcelona :
|b Diputació de Barcelona. Gerència de Serveis d'Espais Naturals ;
|b Diputació de Girona,
|c 2012-
|
| 300 |
|
|
|a volums :
|b il·lustracions ;
|c 21 cm
|
| 310 |
|
|
|a Anual
|
| 362 |
|
|
|a 2012-2013
|
| 490 |
1 |
|
|a Viu el Parc!
|
| 500 |
|
|
|a Fins al 2014, il·lustracions: Neus Bruguera i Nadal.
|
| 500 |
|
|
|a Des del 2015, il·lustracions de la coberta: Carme Solà Ortega.
|
| 500 |
|
|
|a Des del 2024, disseny de Manera Estudi.
|
| 610 |
1 |
0 |
|9 52729
|a Parc Natural del Montseny (Catalunya)
|v Calendaris
|
| 655 |
|
0 |
|a Agendes
|
| 700 |
1 |
|
|9 52416
|a Solà Ortega, Carme
|e il·lustradora
|
| 700 |
|
|
|a Bruguera i Nadal, Neus
|e il·lustradora
|9 4999
|
| 710 |
1 |
|
|9 52730
|a Barcelona (Catalunya : Província).
|b Gerència de Serveis d’Espais Naturals
|e coordinació
|
| 710 |
1 |
|
|a Girona (Catalunya : Província).
|b Diputació
|9 11479
|e coordinació
|
| 710 |
|
|
|a Manera Estudi (Firma)
|e disseny
|9 73004
|
| 710 |
|
|
|a Viladraueducacio.com (Firma)
|e coordinació
|9 73005
|
| 830 |
|
0 |
|9 55831
|a Viu el Parc!
|
| 866 |
|
|
|a 2012-13
|
| 866 |
|
|
|a 2013-14
|
| 866 |
|
|
|a 2014-2015
|
| 866 |
|
|
|a 2015-2016
|
| 866 |
|
|
|a 2016-2017
|
| 866 |
|
|
|a 2017-2018
|
| 866 |
|
|
|a 2018-2019
|
| 866 |
|
|
|a 2019-2020
|
| 866 |
|
|
|a 2020-2021
|
| 866 |
|
|
|a 2022-2023
|
| 866 |
|
|
|a 2024-2025
|
| 942 |
|
|
|2 udc
|n 1
|c ARXIU
|
| 952 |
|
|
|0 0
|1 0
|4 0
|6 BIB123
|7 1
|9 55272
|a Arxiu
|b Arxiu
|d 2016-12-01
|h 2013-2014
|o Bib-123
|p 23969
|r 2016-12-01 00:00:00
|w 2016-12-01
|y ARXIU
|
| 952 |
|
|
|0 0
|1 0
|4 0
|7 1
|9 55887
|a Arxiu
|b Arxiu
|d 2016-12-01
|h 2012-2013
|o Bib-53
|p 23808
|r 2016-12-01 00:00:00
|w 2016-12-01
|y ARXIU
|
| 952 |
|
|
|0 0
|1 0
|4 0
|6 BIB344
|7 1
|9 60844
|a Arxiu
|b Arxiu
|d 2021-11-22
|h 2018-2019
|o Bib-344
|p 25029
|r 2021-11-22 00:00:00
|w 2021-11-22
|y ARXIU
|
| 952 |
|
|
|0 0
|1 0
|4 0
|7 1
|9 61456
|a Arxiu
|b Arxiu
|d 2022-05-02
|h 2020-2021
|o NBM-13-61
|p 25377
|r 2022-05-02 00:00:00
|w 2022-05-02
|y ARXIU
|
| 952 |
|
|
|0 0
|1 0
|4 0
|7 1
|9 62018
|a Arxiu
|b Arxiu
|d 2022-05-24
|h 2017-2018
|o Bib-577
|p 25633
|r 2022-05-24 00:00:00
|w 2022-05-24
|y ARXIU
|
| 952 |
|
|
|0 0
|1 0
|4 0
|7 1
|9 62152
|a Arxiu
|b Arxiu
|d 2022-06-02
|h 2015-2016
|o NBM-13-187
|p 25762
|r 2022-06-02 00:00:00
|w 2022-06-02
|y ARXIU
|
| 952 |
|
|
|0 0
|1 0
|4 0
|7 1
|9 62381
|a Arxiu
|b Arxiu
|d 2022-06-14
|h 2016-2017
|o Bib-665
|p 25924
|r 2022-06-14 00:00:00
|w 2022-06-14
|y ARXIU
|
| 952 |
|
|
|0 0
|1 0
|4 0
|7 1
|9 62420
|a Arxiu
|b Arxiu
|d 2022-06-15
|h 2019-2020
|o Bib-670
|p 25955
|r 2022-06-15 00:00:00
|w 2022-06-15
|y ARXIU
|
| 952 |
|
|
|0 0
|1 0
|4 0
|6 NBM1453
|7 1
|9 62783
|a Arxiu
|b Arxiu
|d 2022-07-14
|h 2014-2015
|l 0
|o NBM-14-53
|p 26238
|r 2022-07-14 00:00:00
|w 2022-07-14
|y ARXIU
|
| 952 |
|
|
|0 0
|1 0
|2 udc
|4 0
|6 NBM172
|7 1
|9 65957
|a Arxiu
|b Arxiu
|d 2023-04-04
|h 2022-2023
|l 0
|o NBM-17-2
|p 27660
|r 2023-04-04 00:00:00
|w 2023-04-04
|y ARXIU
|
| 952 |
|
|
|0 0
|1 0
|2 udc
|4 0
|6 NBM213
|7 1
|9 99059
|a Arxiu
|b Arxiu
|d 2026-02-03
|h 2024-2025
|l 0
|o NBM-21-3
|p 29311
|r 2026-02-03 12:13:34
|w 2026-02-03
|y ARXIU
|
| 999 |
|
|
|c 81734
|d 81734
|